[Event "8th Arber Open"]
[Site "chess24.com"]
[Date "2019.07.27"]
[Round "1"]
[White "Hausner, Ivan"]
[Black "Brands, Kevin"]
[Result "1-0"]
[Board "13"]
[WhiteElo "2370"]
[WhiteTitle "IM"]
[WhiteCountry "CZE"]
[WhiteFideId "300110"]
[WhiteEloChange "2"]
[BlackElo "1799"]
[BlackCountry "NED"]
[BlackFideId "1054872"]
[BlackEloChange "-2"]

1. Nf3 {[%clk 1:30:58]} Nf6 {[%clk 1:30:48]} 2. g3 {[%clk 1:31:19]} g6 {[%clk
1:31:09]} 3. Bg2 {[%clk 1:31:43]} Bg7 {[%clk 1:31:33]} 4. O-O {[%clk 1:32:04]}
O-O {[%clk 1:31:58]} 5. d3 {[%clk 1:32:29]} d5 {[%clk 1:31:57]} 6. Nbd2 {[%clk
1:32:54]} c5 {[%clk 1:31:47]} 7. e4 {[%clk 1:33:15]} e6 {[%clk 1:31:36]} 8. Re1
{[%clk 1:31:45]} Nc6 {[%clk 1:31:16]} 9. c3 {[%clk 1:32:06]} Re8 {[%clk 1:29:36]}
10. e5 {[%clk 1:32:04]} Nd7 {[%clk 1:29:01]} 11. d4 {[%clk 1:32:29]} b5 {[%clk
1:25:57]} 12. Nf1 {[%clk 1:32:12]} a5 {[%clk 1:24:15]} 13. Bf4 {[%clk 1:31:49]}
Ba6 {[%clk 1:23:27]} 14. Ne3 {[%clk 1:28:31]} b4 {[%clk 1:18:17]} 15. Ng4 {[%clk
1:28:19]} bxc3 {[%clk 1:11:47]} 16. bxc3 {[%clk 1:28:43]} cxd4 {[%clk 1:11:50]}
17. cxd4 {[%clk 1:29:07]} Nb4 {[%clk 1:11:41]} 18. Bh6 {[%clk 1:28:23]} Bxh6
{[%clk 1:04:03]} 19. Nxh6+ {[%clk 1:28:44]} Kg7 {[%clk 1:04:14]} 20. Qd2 {[%clk
1:27:50]} Nd3 {[%clk 1:02:36]} 21. Ng4 {[%clk 1:26:44]} Rh8 {[%clk 0:50:48]} 22.
Re3 {[%clk 1:25:25]} h5 {[%clk 0:47:33]} 23. Nf6 {[%clk 1:25:50]} Nb4 {[%clk
0:44:25]} 24. Ng5 {[%clk 1:25:28]} Nb6 {[%clk 0:42:44]} 25. Rf3 {[%clk 1:24:33]}
Ra7 {[%clk 0:35:20]} 26. Bh3 {[%clk 1:22:50]} Re7 {[%clk 0:28:26]} 27. a3 {[%clk
1:20:43]} Nc6 {[%clk 0:25:24]} 28. Rc1 {[%clk 1:20:29]} Nc4 {[%clk 0:22:09]} 29.
Qf4 {[%clk 1:20:51]} Qc7 {[%clk 0:16:39]} 30. Nxd5 {[%clk 1:19:27]} exd5 {[%clk
0:16:40]} 31. Qf6+ {[%clk 1:19:51]} Kg8 {[%clk 0:16:36]} 32. e6 {[%clk 1:20:15]}
Nd8 {[%clk 0:15:13]} 33. exf7+ {[%clk 1:20:11]} Rxf7 {[%clk 0:15:16]} 34. Qxg6+
{[%clk 1:19:49]} Rg7 {[%clk 0:15:36]} 35. Qe8# {[%clk 1:19:49]} 1-0

[Event "8th Arber Open"]
[Site "chess24.com"]
[Date "2019.07.27"]
[Round "1"]
[White "Simacek, Vaclav"]
[Black "Schleining, Zoya"]
[Result "0-1"]
[Board "14"]
[WhiteElo "1809"]
[WhiteCountry "CZE"]
[WhiteFideId "338338"]
[WhiteEloChange "-2"]
[BlackElo "2339"]
[BlackTitle "IM"]
[BlackCountry "GER"]
[BlackFideId "4671660"]
[BlackEloChange "2"]

1. e4 {[%clk 1:30:51]} c5 {[%clk 1:30:54]} 2. b4 {[%clk 1:30:48]} d6 {[%clk
1:29:12]} 3. bxc5 {[%clk 1:28:28]} dxc5 {[%clk 1:29:36]} 4. Nf3 {[%clk 1:28:50]}
Nf6 {[%clk 1:27:21]} 5. e5 {[%clk 1:27:16]} Nd5 {[%clk 1:27:30]} 6. Bc4 {[%clk
1:22:43]} Nc6 {[%clk 1:25:28]} 7. Bb2 {[%clk 1:22:00]} Bf5 {[%clk 1:19:49]} 8.
O-O {[%clk 1:19:43]} e6 {[%clk 1:19:58]} 9. Nc3 {[%clk 1:15:45]} Be7 {[%clk
1:18:35]} 10. Qe2 {[%clk 1:05:26]} O-O {[%clk 1:12:28]} 11. Nxd5 {[%clk 0:58:35]}
exd5 {[%clk 1:12:45]} 12. Bd3 {[%clk 0:58:44]} Be6 {[%clk 1:10:58]} 13. c3 {[%clk
0:58:32]} Qd7 {[%clk 1:06:34]} 14. a4 {[%clk 0:55:49]} Rae8 {[%clk 1:03:32]} 15.
Bc2 {[%clk 0:54:39]} f5 {[%clk 0:56:41]} 16. d4 {[%clk 0:53:41]} c4 {[%clk
0:52:57]} 17. a5 {[%clk 0:49:35]} f4 {[%clk 0:50:07]} 18. Ba3 {[%clk 0:40:29]}
Bxa3 {[%clk 0:44:09]} 19. Rxa3 {[%clk 0:40:52]} Qe7 {[%clk 0:42:05]} 20. Ra2
{[%clk 0:40:33]} Rb8 {[%clk 0:41:54]} 21. h4 {[%clk 0:38:49]} Bg4 {[%clk
0:37:35]} 22. Bxh7+ {[%clk 0:35:21]} Kxh7 {[%clk 0:34:49]} 23. e6 {[%clk
0:26:43]} Bxf3 {[%clk 0:34:35]} 24. Qxf3 {[%clk 0:27:03]} Qxe6 {[%clk 0:34:30]}
25. Re2 {[%clk 0:26:35]} Qf5 {[%clk 0:34:03]} 26. Rfe1 {[%clk 0:26:40]} Rf6
{[%clk 0:33:41]} 27. Re5 {[%clk 0:19:49]} Nxe5 {[%clk 0:33:46]} 28. Rxe5 {[%clk
0:20:15]} Qb1+ {[%clk 0:33:10]} 29. Kh2 {[%clk 0:20:38]} Rf5 {[%clk 0:25:22]} 30.
Qxd5 {[%clk 0:17:48]} Rbf8 {[%clk 0:23:55]} 31. Qxc4 {[%clk 0:13:41]} Rxe5 {[%clk
0:23:51]} 32. dxe5 {[%clk 0:14:02]} Qf5 {[%clk 0:23:49]} 0-1

[Event "8th Arber Open"]
[Site "chess24.com"]
[Date "2019.07.27"]
[Round "1"]
[White "Pohl-Kuemmel, Jens-Uwe"]
[Black "Tober, Julian"]
[Result "1-0"]
[Board "15"]
[WhiteElo "2288"]
[WhiteTitle "FM"]
[WhiteCountry "GER"]
[WhiteFideId "4606639"]
[WhiteEloChange "2"]
[BlackElo "1796"]
[BlackCountry "GER"]
[BlackFideId "24676942"]
[BlackEloChange "-2"]

1. d4 {[%clk 1:30:57]} Nf6 {[%clk 1:30:51]} 2. Nf3 {[%clk 1:31:18]} d5 {[%clk
1:31:05]} 3. c4 {[%clk 1:31:42]} e6 {[%clk 1:31:06]} 4. g3 {[%clk 1:31:33]} c6
{[%clk 1:30:59]} 5. Qc2 {[%clk 1:31:22]} Nbd7 {[%clk 1:27:30]} 6. Bg2 {[%clk
1:31:25]} Be7 {[%clk 1:24:43]} 7. O-O {[%clk 1:31:33]} O-O {[%clk 1:25:06]} 8.
Nbd2 {[%clk 1:28:47]} b6 {[%clk 1:22:34]} 9. e4 {[%clk 1:27:20]} dxe4 {[%clk
1:12:58]} 10. Nxe4 {[%clk 1:27:41]} Bb7 {[%clk 1:10:57]} 11. Rd1 {[%clk 1:22:33]}
Nxe4 {[%clk 1:11:02]} 12. Qxe4 {[%clk 1:22:56]} Nf6 {[%clk 1:11:17]} 13. Qe2
{[%clk 1:22:52]} Bd6 {[%clk 1:03:29]} 14. b3 {[%clk 1:16:56]} a5 {[%clk 0:54:34]}
15. a4 {[%clk 1:11:53]} Ra7 {[%clk 0:47:08]} 16. Bb2 {[%clk 1:04:58]} Re8 {[%clk
0:46:04]} 17. Rac1 {[%clk 0:59:53]} Qa8 {[%clk 0:41:55]} 18. c5 {[%clk 0:49:51]}
Bc7 {[%clk 0:41:33]} 19. Ne5 {[%clk 0:49:31]} Nd5 {[%clk 0:40:30]} 20. cxb6
{[%clk 0:45:07]} Bxb6 {[%clk 0:39:38]} 21. Qh5 {[%clk 0:44:42]} g6 {[%clk
0:23:32]} 22. Qh6 {[%clk 0:44:13]} f6 {[%clk 0:19:03]} 23. Nc4 {[%clk 0:36:42]}
Bc7 {[%clk 0:17:23]} 24. Ba3 {[%clk 0:33:51]} Qd8 {[%clk 0:15:25]} 25. Bc5 {[%clk
0:33:32]} Ra8 {[%clk 0:13:58]} 26. Re1 {[%clk 0:32:07]} Qd7 {[%clk 0:13:24]} 27.
h4 {[%clk 0:30:03]} Ba6 {[%clk 0:12:47]} 28. Bh3 {[%clk 0:23:53]} Bxc4 {[%clk
0:09:42]} 29. bxc4 {[%clk 0:21:46]} Nb4 {[%clk 0:09:30]} 30. Qd2 {[%clk 0:18:40]}
Bd6 {[%clk 0:08:30]} 31. Bxd6 {[%clk 0:15:40]} Qxd6 {[%clk 0:08:52]} 32. Rcd1
{[%clk 0:14:41]} Rad8 {[%clk 0:08:17]} 33. Qe2 {[%clk 0:11:10]} Kf7 {[%clk
0:06:46]} 34. h5 {[%clk 0:10:51]} g5 {[%clk 0:04:30]} 35. Qe4 {[%clk 0:09:20]} f5
{[%clk 0:04:24]} 36. Bxf5 {[%clk 0:08:15]} exf5 {[%clk 0:04:03]} 37. Qxf5+ {[%clk
0:08:40]} Qf6 {[%clk 0:04:04]} 38. Qxh7+ {[%clk 0:08:35]} Kf8 {[%clk 0:02:44]}
39. Qa7 {[%clk 0:08:05]} Rxe1+ {[%clk 0:02:14]} 40. Rxe1 {[%clk 0:08:32]} Nd3
{[%clk 0:02:13]} 41. Re2 {[%clk 0:07:31]} Qf3 {[%clk 0:02:13]} 42. Qe7+ {[%clk
0:07:31]} 1-0

[Event "8th Arber Open"]
[Site "chess24.com"]
[Date "2019.07.27"]
[Round "1"]
[White "Mittermaier, Johann"]
[Black "Woelk, Tom-Frederic"]
[Result "0-1"]
[Board "16"]
[WhiteElo "1842"]
[WhiteCountry "GER"]
[WhiteFideId "16208382"]
[WhiteEloChange "-2"]
[BlackElo "2229"]
[BlackCountry "GER"]
[BlackFideId "12993077"]
[BlackEloChange "2"]

1. e4 {[%clk 1:30:57]} c5 {[%clk 1:30:54]} 2. c3 {[%clk 1:31:21]} Nf6 {[%clk
1:29:57]} 3. e5 {[%clk 1:31:25]} Nd5 {[%clk 1:30:23]} 4. d4 {[%clk 1:31:47]} cxd4
{[%clk 1:30:45]} 5. Nf3 {[%clk 1:32:07]} e6 {[%clk 1:30:28]} 6. cxd4 {[%clk
1:32:20]} d6 {[%clk 1:30:51]} 7. a3 {[%clk 1:31:12]} Be7 {[%clk 1:29:16]} 8. Bd3
{[%clk 1:31:08]} Nc6 {[%clk 1:27:16]} 9. O-O {[%clk 1:31:09]} Bd7 {[%clk
1:25:49]} 10. Bd2 {[%clk 1:27:28]} Qb6 {[%clk 1:24:39]} 11. exd6 {[%clk 1:20:27]}
Bxd6 {[%clk 1:21:38]} 12. Bc3 {[%clk 1:20:19]} Nce7 {[%clk 1:11:15]} 13. Ne5
{[%clk 1:16:25]} Bb5 {[%clk 1:10:33]} 14. Nc4 {[%clk 1:16:04]} Bxc4 {[%clk
1:10:56]} 15. Bxc4 {[%clk 1:16:23]} Bxh2+ {[%clk 1:09:54]} 16. Kh1 {[%clk
1:14:34]} Bf4 {[%clk 1:09:53]} 17. Qa4+ {[%clk 1:12:28]} Kf8 {[%clk 1:09:45]} 18.
Qd1 {[%clk 1:11:23]} g6 {[%clk 1:09:05]} 19. Ba2 {[%clk 1:09:01]} Rc8 {[%clk
1:04:07]} 20. Nd2 {[%clk 0:59:26]} Kg7 {[%clk 0:59:56]} 21. Ne4 {[%clk 0:55:39]}
Rhd8 {[%clk 0:57:33]} 22. Qe2 {[%clk 0:53:44]} h5 {[%clk 0:52:00]} 23. g3 {[%clk
0:51:44]} Bb8 {[%clk 0:46:44]} 24. Rae1 {[%clk 0:47:55]} Nf5 {[%clk 0:41:49]} 25.
Nc5 {[%clk 0:42:56]} Bxg3 {[%clk 0:39:38]} 26. Bb1 {[%clk 0:37:36]} Bb8 {[%clk
0:38:42]} 27. Bxf5 {[%clk 0:37:18]} exf5 {[%clk 0:39:02]} 28. Qf3 {[%clk
0:34:27]} Qc7 {[%clk 0:37:34]} 0-1

[Event "8th Arber Open"]
[Site "chess24.com"]
[Date "2019.07.27"]
[Round "1"]
[White "Vuckovic, Zarko"]
[Black "Dosch, Markus"]
[Result "1-0"]
[Board "17"]
[WhiteElo "2214"]
[WhiteCountry "GER"]
[WhiteFideId "12952087"]
[WhiteEloChange "2"]
[BlackElo "1787"]
[BlackCountry "GER"]
[BlackFideId "24698717"]
[BlackEloChange "-2"]

1. e4 {[%clk 1:30:58]} e6 {[%clk 1:30:49]} 2. d4 {[%clk 1:31:24]} d5 {[%clk
1:31:10]} 3. e5 {[%clk 1:31:49]} c5 {[%clk 1:31:35]} 4. c3 {[%clk 1:32:18]} Nc6
{[%clk 1:31:58]} 5. Nf3 {[%clk 1:32:42]} Qb6 {[%clk 1:32:22]} 6. a3 {[%clk
1:33:08]} c4 {[%clk 1:32:13]} 7. g3 {[%clk 1:33:07]} Bd7 {[%clk 1:31:20]} 8. Bg2
{[%clk 1:33:28]} Nge7 {[%clk 1:29:51]} 9. O-O {[%clk 1:32:57]} Ng6 {[%clk
1:28:00]} 10. h4 {[%clk 1:32:45]} h5 {[%clk 1:26:43]} 11. Nbd2 {[%clk 1:31:10]}
Na5 {[%clk 1:25:28]} 12. Ng5 {[%clk 1:28:18]} Be7 {[%clk 1:16:19]} 13. Ndf3
{[%clk 1:26:12]} Nb3 {[%clk 1:15:09]} 14. Rb1 {[%clk 1:26:33]} Ba4 {[%clk
1:11:32]} 15. Be3 {[%clk 1:25:42]} Qc7 {[%clk 1:07:12]} 16. Qe2 {[%clk 1:24:43]}
a5 {[%clk 1:05:09]} 17. Nh2 {[%clk 1:23:59]} Nf8 {[%clk 1:03:12]} 18. f4 {[%clk
1:20:34]} g6 {[%clk 0:59:04]} 19. f5 {[%clk 1:20:54]} gxf5 {[%clk 0:53:19]} 20.
Bf3 {[%clk 1:20:36]} f6 {[%clk 0:42:29]} 21. Bxh5+ {[%clk 1:20:43]} Kd7 {[%clk
0:42:45]} 22. Nf7 {[%clk 1:20:56]} Rg8 {[%clk 0:42:00]} 23. Bf4 {[%clk 1:20:42]}
Bd8 {[%clk 0:31:02]} 24. exf6 {[%clk 1:19:00]} Qc6 {[%clk 0:30:29]} 25. Ne5+
{[%clk 1:19:21]} 1-0

[Event "8th Arber Open"]
[Site "chess24.com"]
[Date "2019.07.27"]
[Round "1"]
[White "Desoye, Gernot"]
[Black "Senner, Peter"]
[Result "0-1"]
[Board "18"]
[WhiteElo "1777"]
[WhiteCountry "AUT"]
[WhiteFideId "1621793"]
[WhiteEloChange "-2"]
[BlackElo "2231"]
[BlackCountry "GER"]
[BlackFideId "4608283"]
[BlackEloChange "2"]

1. d4 {[%clk 1:30:44]} f5 {[%clk 1:30:54]} 2. Nc3 {[%clk 1:31:07]} d5 {[%clk
1:31:17]} 3. f3 {[%clk 1:30:43]} Nf6 {[%clk 1:31:20]} 4. Nh3 {[%clk 1:30:48]} e6
{[%clk 1:31:24]} 5. Nf2 {[%clk 1:31:04]} c5 {[%clk 1:29:38]} 6. e3 {[%clk
1:27:39]} Nc6 {[%clk 1:29:57]} 7. Ne2 {[%clk 1:10:08]} Be7 {[%clk 1:29:37]} 8. c3
{[%clk 1:10:31]} O-O {[%clk 1:29:56]} 9. Ng3 {[%clk 1:10:15]} e5 {[%clk 1:27:21]}
10. Bb5 {[%clk 1:06:33]} cxd4 {[%clk 1:27:37]} 11. exd4 {[%clk 1:05:26]} e4
{[%clk 1:21:17]} 12. O-O {[%clk 1:00:47]} Bd6 {[%clk 1:19:05]} 13. Bg5 {[%clk
0:55:44]} Qc7 {[%clk 1:14:59]} 14. f4 {[%clk 0:44:52]} Be6 {[%clk 1:03:09]} 15.
c4 {[%clk 0:40:15]} dxc4 {[%clk 1:01:32]} 16. Bxf6 {[%clk 0:40:38]} Rxf6 {[%clk
1:01:44]} 17. d5 {[%clk 0:41:02]} Bxf4 {[%clk 1:00:26]} 18. dxe6 {[%clk 0:41:11]}
Bxg3 {[%clk 0:59:23]} 19. hxg3 {[%clk 0:41:32]} e3 {[%clk 0:57:51]} 20. Nh3
{[%clk 0:37:41]} e2 {[%clk 0:57:58]} 21. Qxe2 {[%clk 0:36:59]} Qb6+ {[%clk
0:58:21]} 22. Rf2 {[%clk 0:35:37]} Qxb5 {[%clk 0:58:44]} 23. Re1 {[%clk 0:32:36]}
Re8 {[%clk 0:58:47]} 24. Qh5 {[%clk 0:31:15]} g6 {[%clk 0:58:11]} 25. Qh6 {[%clk
0:30:57]} Qb4 {[%clk 0:56:38]} 26. Rfe2 {[%clk 0:30:09]} Qf8 {[%clk 0:47:04]} 27.
Qf4 {[%clk 0:30:13]} Qc5+ {[%clk 0:46:46]} 28. Kh2 {[%clk 0:30:27]} Qd4 {[%clk
0:42:15]} 29. Qh6 {[%clk 0:28:30]} Rff8 {[%clk 0:18:29]} 30. Rd2 {[%clk 0:21:25]}
Qg7 {[%clk 0:18:25]} 31. Qf4 {[%clk 0:21:44]} h6 {[%clk 0:15:44]} 32. Qxc4 {[%clk
0:21:38]} Re7 {[%clk 0:14:37]} 33. Nf4 {[%clk 0:21:11]} Kh8 {[%clk 0:08:23]} 34.
Rd7 {[%clk 0:14:47]} g5 {[%clk 0:08:21]} 35. Rxe7 {[%clk 0:12:34]} Nxe7 {[%clk
0:08:44]} 36. Nd5 {[%clk 0:12:31]} f4 {[%clk 0:04:30]} 37. gxf4 {[%clk 0:11:15]}
Nxd5 {[%clk 0:04:39]} 38. Qxd5 {[%clk 0:11:37]} gxf4 {[%clk 0:05:07]} 39. e7
{[%clk 0:10:16]} 0-1

[Event "8th Arber Open"]
[Site "chess24.com"]
[Date "2019.07.27"]
[Round "1"]
[White "Kiwitz, Henri"]
[Black "Hoffmann, Sebastian"]
[Result "0-1"]
[Board "20"]
[WhiteElo "1755"]
[WhiteCountry "GER"]
[WhiteFideId "12952397"]
[WhiteEloChange "-2"]
[BlackElo "2199"]
[BlackCountry "GER"]
[BlackFideId "12954535"]
[BlackEloChange "2"]

1. d4 {[%clk 1:30:56]} d5 {[%clk 1:30:51]} 2. Bf4 {[%clk 1:30:49]} Nf6 {[%clk
1:31:02]} 3. e3 {[%clk 1:31:12]} c5 {[%clk 1:31:01]} 4. c3 {[%clk 1:31:35]} Nc6
{[%clk 1:31:23]} 5. Nd2 {[%clk 1:31:58]} cxd4 {[%clk 1:28:42]} 6. exd4 {[%clk
1:32:18]} Bf5 {[%clk 1:28:58]} 7. Ngf3 {[%clk 1:30:16]} e6 {[%clk 1:29:19]} 8.
Qb3 {[%clk 1:28:56]} Qc8 {[%clk 1:29:37]} 9. h3 {[%clk 1:27:41]} Be7 {[%clk
1:26:36]} 10. Nh4 {[%clk 1:26:39]} Be4 {[%clk 1:24:35]} 11. Nxe4 {[%clk 1:26:19]}
dxe4 {[%clk 1:23:34]} 12. g3 {[%clk 1:18:28]} O-O {[%clk 1:09:51]} 13. Be2 {[%clk
1:15:05]} Rd8 {[%clk 1:05:47]} 14. Ng2 {[%clk 0:56:17]} Nd5 {[%clk 1:04:40]} 15.
O-O {[%clk 0:37:51]} Nxf4 {[%clk 0:49:06]} 16. Nxf4 {[%clk 0:38:06]} Bg5 {[%clk
0:42:04]} 17. Ng2 {[%clk 0:24:10]} Qc7 {[%clk 0:42:00]} 18. h4 {[%clk 0:21:02]}
Bh6 {[%clk 0:39:55]} 19. Rfe1 {[%clk 0:19:22]} e5 {[%clk 0:32:46]} 20. d5 {[%clk
0:18:51]} Na5 {[%clk 0:31:55]} 21. Qd1 {[%clk 0:16:55]} Nc4 {[%clk 0:25:29]} 22.
Bxc4 {[%clk 0:14:03]} Qxc4 {[%clk 0:25:57]} 23. Qe2 {[%clk 0:13:59]} Qxe2 {[%clk
0:23:46]} 24. Rxe2 {[%clk 0:14:22]} f5 {[%clk 0:23:35]} 25. c4 {[%clk 0:14:23]}
Rac8 {[%clk 0:23:46]} 26. g4 {[%clk 0:12:15]} g6 {[%clk 0:22:32]} 27. g5 {[%clk
0:11:32]} Bg7 {[%clk 0:22:46]} 28. Rc1 {[%clk 0:11:31]} Rxd5 {[%clk 0:22:36]} 29.
cxd5 {[%clk 0:10:33]} Rxc1+ {[%clk 0:22:57]} 30. Kh2 {[%clk 0:10:50]} Kf7 {[%clk
0:21:13]} 0-1

[Event "8th Arber Open"]
[Site "chess24.com"]
[Date "2019.07.27"]
[Round "1"]
[White "Kronschnabl, Matthias"]
[Black "Schmid, Wolfgang"]
[Result "0-1"]
[Board "23"]
[WhiteElo "1837"]
[WhiteCountry "GER"]
[WhiteFideId "12988227"]
[WhiteEloChange "-3"]
[BlackElo "2162"]
[BlackTitle "FM"]
[BlackCountry "GER"]
[BlackFideId "4608046"]
[BlackEloChange "3"]

1. d4 {[%clk 1:30:56]} Nf6 {[%clk 1:30:51]} 2. Bf4 {[%clk 1:31:15]} d6 {[%clk
1:30:35]} 3. e3 {[%clk 1:31:29]} g6 {[%clk 1:30:54]} 4. Nf3 {[%clk 1:29:22]} Bg7
{[%clk 1:31:11]} 5. Be2 {[%clk 1:29:37]} c6 {[%clk 1:30:29]} 6. h3 {[%clk
1:29:14]} Qb6 {[%clk 1:27:54]} 7. Qc1 {[%clk 1:22:17]} Nbd7 {[%clk 1:27:33]} 8.
Nbd2 {[%clk 1:22:18]} O-O {[%clk 1:26:49]} 9. O-O {[%clk 1:21:32]} Re8 {[%clk
1:26:40]} 10. c3 {[%clk 1:21:16]} h6 {[%clk 1:19:25]} 11. Qc2 {[%clk 1:17:14]}
Nf8 {[%clk 1:11:57]} 12. Rab1 {[%clk 1:14:44]} Qd8 {[%clk 1:03:50]} 13. Rfe1
{[%clk 1:10:25]} Ne6 {[%clk 0:58:45]} 14. Bh2 {[%clk 1:05:57]} Ng5 {[%clk
0:52:12]} 15. Nxg5 {[%clk 1:02:14]} hxg5 {[%clk 0:52:37]} 16. Ne4 {[%clk
1:02:05]} Nxe4 {[%clk 0:52:24]} 17. Qxe4 {[%clk 0:59:40]} Bf5 {[%clk 0:52:42]}
18. Qf3 {[%clk 0:59:27]} Bxb1 {[%clk 0:52:46]} 19. Rxb1 {[%clk 0:59:48]} e5
{[%clk 0:49:43]} 20. d5 {[%clk 0:58:27]} c5 {[%clk 0:48:15]} 21. Bb5 {[%clk
0:58:06]} Rf8 {[%clk 0:47:45]} 22. Qg4 {[%clk 0:57:34]} a6 {[%clk 0:47:39]} 23.
Bd3 {[%clk 0:57:41]} f5 {[%clk 0:46:53]} 24. Qg3 {[%clk 0:57:34]} e4 {[%clk
0:46:44]} 0-1

[Event "8th Arber Open"]
[Site "chess24.com"]
[Date "2019.07.27"]
[Round "1"]
[White "Hoffmann, Tim"]
[Black "Nahlik, Bernhard, Dr."]
[Result "1-0"]
[Board "24"]
[WhiteElo "2147"]
[WhiteCountry "GER"]
[WhiteFideId "12900338"]
[WhiteEloChange "2"]
[BlackElo "1744"]
[BlackCountry "GER"]
[BlackFideId "12904600"]
[BlackEloChange "-2"]

1. e4 {[%clk 1:30:57]} d6 {[%clk 1:30:55]} 2. d4 {[%clk 1:31:08]} Nf6 {[%clk
1:31:19]} 3. Nc3 {[%clk 1:31:27]} g6 {[%clk 1:31:43]} 4. Bc4 {[%clk 1:31:10]}
Nxe4 {[%clk 1:30:50]} 5. Nxe4 {[%clk 1:28:41]} d5 {[%clk 1:31:08]} 6. Qe2 {[%clk
1:27:53]} dxe4 {[%clk 1:31:22]} 7. Qxe4 {[%clk 1:28:13]} Bg7 {[%clk 1:31:17]} 8.
Nf3 {[%clk 1:27:28]} O-O {[%clk 1:31:17]} 9. O-O {[%clk 1:27:19]} Nc6 {[%clk
1:23:25]} 10. c3 {[%clk 1:26:58]} Bf5 {[%clk 1:22:46]} 11. Qh4 {[%clk 1:26:09]}
Na5 {[%clk 1:16:14]} 12. Be2 {[%clk 1:22:27]} f6 {[%clk 1:13:37]} 13. d5 {[%clk
1:11:25]} b6 {[%clk 1:04:25]} 14. b4 {[%clk 1:10:21]} Nb7 {[%clk 1:04:43]} 15. c4
{[%clk 0:59:10]} e5 {[%clk 0:51:49]} 16. Ba3 {[%clk 0:55:26]} Rf7 {[%clk
0:47:48]} 17. Rfd1 {[%clk 0:54:21]} Bf8 {[%clk 0:46:32]} 18. g4 {[%clk 0:46:59]}
g5 {[%clk 0:45:09]} 19. Qg3 {[%clk 0:45:59]} Bg6 {[%clk 0:45:12]} 20. Nd2 {[%clk
0:44:14]} Bd6 {[%clk 0:42:10]} 21. Qe3 {[%clk 0:42:18]} Qf8 {[%clk 0:41:44]} 22.
c5 {[%clk 0:37:31]} bxc5 {[%clk 0:40:08]} 23. b5 {[%clk 0:36:42]} e4 {[%clk
0:30:17]} 24. Nxe4 {[%clk 0:32:38]} Re8 {[%clk 0:26:51]} 25. f3 {[%clk 0:32:02]}
Be5 {[%clk 0:24:33]} 26. Bd3 {[%clk 0:27:15]} Bxa1 {[%clk 0:19:41]} 27. Rxa1
{[%clk 0:27:19]} f5 {[%clk 0:14:41]} 28. gxf5 {[%clk 0:27:26]} Rxf5 {[%clk
0:12:52]} 29. Kg2 {[%clk 0:26:44]} Qg7 {[%clk 0:11:36]} 30. Re1 {[%clk 0:25:39]}
Bf7 {[%clk 0:08:04]} 31. Qd2 {[%clk 0:22:30]} Rxd5 {[%clk 0:07:17]} 32. Qc2
{[%clk 0:21:04]} g4 {[%clk 0:06:19]} 33. f4 {[%clk 0:21:03]} Nd6 {[%clk 0:05:21]}
34. Bb2 {[%clk 0:20:53]} Qh6 {[%clk 0:04:39]} 35. Nf6+ {[%clk 0:20:44]} Kf8
{[%clk 0:04:43]} 36. Nd7+ {[%clk 0:20:59]} Kg8 {[%clk 0:04:49]} 37. Bxh7+ {[%clk
0:21:19]} Qxh7 {[%clk 0:04:29]} 38. Nf6+ {[%clk 0:21:44]} Kf8 {[%clk 0:04:09]}
39. Nxh7+ {[%clk 0:22:07]} Kg8 {[%clk 0:04:27]} 40. Nf6+ {[%clk 0:22:33]} Kf8
{[%clk 0:04:42]} 41. Rxe8+ {[%clk 0:22:43]} Nxe8 {[%clk 0:04:56]} 42. Nxd5 {[%clk
0:23:06]} Bxd5+ {[%clk 0:05:21]} 43. Kg3 {[%clk 0:23:29]} 1-0

[Event "8th Arber Open"]
[Site "chess24.com"]
[Date "2019.07.27"]
[Round "1"]
[White "Gruettner, Ralf"]
[Black "Roesch, Felix"]
[Result "1-0"]
[Board "26"]
[WhiteElo "2118"]
[WhiteCountry "GER"]
[WhiteFideId "4638158"]
[WhiteEloChange "2"]
[BlackElo "1578"]
[BlackCountry "GER"]
[BlackFideId "12972363"]
[BlackEloChange "-2"]

1. d4 {[%clk 1:30:55]} Nf6 {[%clk 1:30:51]} 2. c4 {[%clk 1:31:23]} e5 {[%clk
1:31:20]} 3. dxe5 {[%clk 1:31:45]} Ng4 {[%clk 1:31:43]} 4. Nf3 {[%clk 1:32:03]}
Bb4+ {[%clk 1:31:51]} 5. Bd2 {[%clk 1:30:59]} Bxd2+ {[%clk 1:32:18]} 6. Qxd2
{[%clk 1:27:35]} Nc6 {[%clk 1:31:11]} 7. e3 {[%clk 1:21:58]} Ngxe5 {[%clk
1:31:26]} 8. Nxe5 {[%clk 1:22:14]} Nxe5 {[%clk 1:31:54]} 9. Be2 {[%clk 1:22:21]}
O-O {[%clk 1:31:33]} 10. Nc3 {[%clk 1:22:17]} d6 {[%clk 1:30:57]} 11. O-O {[%clk
1:21:02]} Be6 {[%clk 1:29:06]} 12. b3 {[%clk 1:21:30]} Re8 {[%clk 1:27:53]} 13.
f4 {[%clk 1:15:39]} Ng4 {[%clk 1:10:14]} 14. f5 {[%clk 1:10:59]} Bxf5 {[%clk
1:10:39]} 15. Rxf5 {[%clk 1:10:05]} Nxe3 {[%clk 1:11:07]} 16. Rf3 {[%clk
1:04:08]} Qg5 {[%clk 1:10:12]} 17. Bd3 {[%clk 1:01:20]} Qc5 {[%clk 1:01:52]} 18.
Kh1 {[%clk 0:59:32]} Re5 {[%clk 1:01:44]} 19. Na4 {[%clk 0:55:59]} Qd4 {[%clk
1:01:38]} 20. Bxh7+ {[%clk 0:55:32]} 1-0

[Event "8th Arber Open"]
[Site "chess24.com"]
[Date "2019.07.27"]
[Round "1"]
[White "Thullen, Andre"]
[Black "Zepke, Armin"]
[Result "0-1"]
[Board "27"]
[WhiteElo "1620"]
[WhiteTeam "SV Urmitz"]
[WhiteCountry "GER"]
[WhiteFideId "12972398"]
[WhiteEloChange "-2"]
[BlackElo "2122"]
[BlackTeam "SC Bayerwald"]
[BlackCountry "GER"]
[BlackFideId "24678465"]
[BlackEloChange "2"]

1. d4 {[%clk 1:30:30]} d5 {[%clk 1:30:30]} 2. Nf3 {[%clk 1:30:30]} Nf6 {[%clk
1:30:30]} 3. c4 {[%clk 1:30:30]} c6 {[%clk 1:30:30]} 4. Nc3 {[%clk 1:30:30]} dxc4
{[%clk 1:30:30]} 5. e3 {[%clk 1:30:30]} b5 {[%clk 1:30:30]} 6. a3 {[%clk
1:30:30]} Bg4 {[%clk 1:30:30]} 7. Be2 {[%clk 1:30:30]} e6 {[%clk 1:30:30]} 8. b3
{[%clk 1:30:30]} cxb3 {[%clk 1:30:30]} 9. Qxb3 {[%clk 1:30:30]} Nbd7 {[%clk
1:30:30]} 10. Bb2 {[%clk 1:30:30]} Rc8 {[%clk 1:30:30]} 11. h3 {[%clk 1:30:30]}
Bh5 {[%clk 1:30:30]} 12. O-O {[%clk 1:30:30]} Be7 {[%clk 1:30:30]} 13. Rfe1
{[%clk 1:30:30]} O-O {[%clk 1:30:30]} 14. Rad1 {[%clk 1:30:30]} a5 {[%clk
1:30:30]} 15. Nd2 {[%clk 1:30:30]} Bxe2 {[%clk 1:30:30]} 16. Rxe2 {[%clk
1:30:30]} Nb6 {[%clk 1:30:30]} 17. Nde4 {[%clk 1:30:30]} Nxe4 {[%clk 1:30:30]}
18. Nxe4 {[%clk 1:30:30]} Qd5 {[%clk 1:30:30]} 19. Qxd5 {[%clk 1:30:30]} cxd5
{[%clk 1:30:30]} 20. Nc3 {[%clk 1:30:30]} b4 {[%clk 1:30:30]} 21. axb4 {[%clk
1:30:30]} Bxb4 {[%clk 1:30:30]} 22. Rc1 {[%clk 1:30:30]} Rc4 {[%clk 1:30:30]} 23.
Rb1 {[%clk 1:30:30]} Rfc8 {[%clk 1:30:30]} 24. Nb5 {[%clk 1:30:30]} Na4 {[%clk
1:30:30]} 25. Ba3 {[%clk 1:30:30]} Rb8 {[%clk 1:30:30]} 26. Nd6 {[%clk 1:30:30]}
0-1